00490 2200193 4500001002100000005001500021035002000036008004100056245006700097100001900164250000600183260003500189300001200224084001400236082000800250650001400258990001200272990001200284INLIS00000000000011120240502104915 a0010-0424000087240502 0 ind 1 aKurikulum, Pembelajaran Dan Evaluasi Jilid 4 /cProf. Wahyudin aProf. Wahyudin a1 aJakarta :bCv.Ipa Abong,c2008 a124 hlm a600 WAH k a600 4aNon Fiksi a0732529 a0732530